Management of electronic documents modle

Αποθηκεύτηκε σε:
Λεπτομέρειες βιβλιογραφικής εγγραφής
Συγγραφή απο Οργανισμό/Αρχή: FAO
Μορφή: Βιβλίο
Γλώσσα:Undetermined
Έκδοση: Rome FAO 2003
Θέματα:
Ετικέτες: Προσθήκη ετικέτας
Δεν υπάρχουν, Καταχωρήστε ετικέτα πρώτοι!
Thư viện lưu trữ: Trung tâm Học liệu Trường Đại học Cần Thơ
LEADER 00491nam a2200181Ia 4500
001 CTU_63788
008 210402s9999 xx 000 0 und d
082 |a 658.472 
082 |b F218 
110 |a FAO 
245 0 |a Management of electronic documents modle 
245 0 |c FAO 
260 |a Rome 
260 |b FAO 
260 |c 2003 
650 |a Information resources management,Security and security modelling 
910 |i Năm 
980 |a Trung tâm Học liệu Trường Đại học Cần Thơ